00382pab a2200121 454500008004000000100001900040245012000059260000900179300001500188362000800203650001400211773003500225180718b2007 xxu||||| |||| 00| 0 eng d aJensen, Robert aThe digital provide: information (technology), market performance, and welfare in the South Indian fisheries sector c2007 ap.879-924. aAug aFisheries aQuarterly Journal of Economics